000 01123nam a2200325 i 4500
003 DO-SdBPM
005 20250220063152.0
007 ta
008 250124b2024 dr |||| 00| 0 spa d
020 _a9789945291254
040 _aDO-SdBPM
_bspa
_cBPMSU
_erda
041 _hspa
082 4 _aRD863.5
_bM839f 2024
_222
100 _aMorel Nolasco, Yeíla
_d2008-
_eautor
245 1 0 _aFragmentos de otros mundos /
_cYeíla Morel Nolasco ; prólogo de Mirta Espinosa Lafuente
250 _a
264 4 _aSa Pedro de Macorís, República Dominicana :
_bPublicaciones Libertad,
_c 2024
300 _a30 páginas :
_bIlustraciones ;
_c27 cm.
336 _ardacontent
_btexto
_2txt
337 _ardamedia
_bsin mediación
_2n
338 _ardacarrier
_bvolumen
_2nc
490 0 _aColección de cuentos
500 _aIncluye datos biográficos de la autora en la página, 29
590 _aInventariado, 2025/VM
650 4 _acuentos infantiles dominicanos
650 4 _aliteratura infantil dominicana
700 1 _aEspinosa Lafuente, Mirta
_epróloguista
910 _aVMateo V. Control de calidad BPMSU
942 _2ddc
_cBK
999 _c14943
_d14943